KİT Kamu iktisadi teşekkülleri komisyon çalışmaları (Record no. 7613)
[ view plain ]
| 000 -BAŞLIK | |
|---|---|
| Sabit Uzunlukta Kontrol Alanı | 00994na a2200277 4500 |
| 001 - KONTROL NUMARASI | |
| Denetim Alanı | 22577 |
| 003 - KONTROL NUMARASI IDENTIFIER | |
| Denetim Alanı | MIRAKIL |
| 005 - SON İŞLEM TARİHİ VE ZAMANI | |
| Denetim Alanı | 20181213155145.0 |
| 008 - SABİT-BOY VERİ ELEMANLARI - GENEL BİLGİLER | |
| Sabit Uzunlukta Kontrol Alanı | 170217b tu 000 0 |
| 035 ## - SİSTEM KONTROL NUMARASI | |
| Sistem Kontrol Numarası | 20025 |
| 040 ## - KATALOGLAMA KAYNAK | |
| Orijinal Kataloglama Ajansı | Milas |
| Kataloglama Dili | tur |
| Metne Dönüştürmek Ajansı | TR-AnCHP |
| 041 ## - DİL KODU | |
| Metin / Ses Parça Veya Ayrı Başlığın Dil Kodu | tur |
| 082 ## - DEWEY ONLU SINIFLANDIRMA NUMARASI | |
| Sınıflandırma Numarası | CHP 351.0092 |
| Ürün Numarası | Ç29k [1992] |
| 090 ## - SINIFLAMA NUMARASI | |
| Sınıflama Numarası | CHP 351.0092 Ç29k [1992] |
| 100 ## - ANA GİRİŞ - KİŞİSEL İSİM | |
| Kişisel Ad | Çay, Fuat |
| Bir Adıyla İlişkilendirilen Başlıklar Ve Kelimeler | Hatay Milletvekili ; CHP genel Sekreter yardımcısı |
| 245 ## - BAŞLIK TABLOSU | |
| Başlık | KİT Kamu iktisadi teşekkülleri komisyon çalışmaları |
| Sorumluluk Tablosu, Vb | Fuat Çay |
| 246 ## - UNVAN FORM VARYING | |
| Başlık Doğru / Kısa Başlığı | Kamu iktisadi teşekkülleri komisyon çalışmaları |
| 260 ## - YAYIN, DAĞITIM, VB | |
| Yayın, Dağıtım, Vb Yeri | [y.y.] |
| Yayıncı, Dağıtıcı, Vs Adı | [yayl.y.] |
| Yayın, Dağıtım, Vb Tarihi | [1992] |
| 300 ## - FİZİKSEL TANIM | |
| Kapsam | 92 s. |
| Diğer Fiziksel Ayrıntıları | tbl. |
| Boyutlar | 20 sm. |
| 500 ## - GENEL NOT | |
| Genel Not | Hatay Milletvekili CHP Genel Sekreter Yardımcısı Fuat Çay'ın KİT Komisyonundaki çalışmalarıdır. |
| 600 ## - KONU KATMA GİRİŞ - KURUMSAL ADI | |
| Kişisel Ad | Çay, Fuat |
| Genel Alt Bölümü | Komisyon raporları |
| 650 ## - KONU KATMA GİRİŞ - TOPİKAL DÖNEM | |
| Topikal Süreli Veya Coğrafi Ad Giriş Elemanı | Maliye |
| Coğrafi Alt Bölümü | Türkiye |
| 650 ## - KONU KATMA GİRİŞ - TOPİKAL DÖNEM | |
| Topikal Süreli Veya Coğrafi Ad Giriş Elemanı | CHP milletvekilleri |
| Genel Alt Bölümü | Komisyon raporları |
| 650 ## - KONU KATMA GİRİŞ - TOPİKAL DÖNEM | |
| Topikal Süreli Veya Coğrafi Ad Giriş Elemanı | Kamu iktisadi teşebbüsleri |
| Coğrafi Alt Bölümü | Türkiye |
| 942 ## - EKLENDİ GİRİŞ ELEMANLARI (KOHA) | |
| Sınıflandırma Veya Raf Düzeni Kaynak | |
| Koha Öğesi Türü | Books |
| 999 ## - SİSTEM KONTROL NUMARALARI (KOHA) | |
| Koha Biblionumber | 7613 |
| Koha Biblioitemnumber | 7613 |
| Kullanım Kısıtlamaları | Kalıcı Konum | Mevcut Konum | Edinme Tarihi | Edinim Kaynak | Kodlu Konum Eleme | Toplam Check-Out'Lar | Tam Çağrı Numarası | Barkod | Tarih Son Görülme | İtibaren Geçerli Fiyatlar | Koha Öğesi Türü |
|---|---|---|---|---|---|---|---|---|---|---|---|
| Kütüphane dışına çıkarılamaz | CHP Kütüphanesi | CHP Kütüphanesi | 02/17/2017 | Bağış | CHP | CHP 351.0092 Ç29k [1992] | 016603 | 02/17/2017 | 02/17/2017 | Books |
